|
|
|
|
| LEADER |
00837 a2200205 4500 |
| 008 |
150103s9999 000 0 eng |
| 020 |
|
|
|a 9781138937024
|c GBP 28.00
|
| 082 |
0 |
0 |
|a 792.01
|
| 245 |
0 |
0 |
|a Performance and the politics of space :
|b theatre and topology /
|c edited by Erika Fischer-Lichte and Benjamin Wihstutz
|
| 260 |
|
|
|a New York :
|b Routledge,
|c 2013.
|
| 300 |
|
|
|a xiv, 311 p. :
|
| 650 |
|
0 |
|a Theater
|
| 650 |
|
7 |
|a Performing arts / Theater / General.
|
| 650 |
|
7 |
|a Performing arts/ Theater / History & Criticism.
|
| 650 |
|
7 |
|a Philosophy / Aesthetics.
|
| 700 |
1 |
|
|a Fischer-Lichte, Erika.
|
| 700 |
1 |
|
|a Wihstutz, Benjamin,
|
| 942 |
|
|
|c BK
|
| 999 |
|
|
|c 308094
|d 308094
|
| 952 |
|
|
|0 0
|1 0
|2 ddc
|4 0
|6 792_010000000000000_FIS_PE
|7 0
|9 353592
|a DRA
|b DRA
|c ST1
|d 2016-09-29
|i 9537
|l 1
|o 792.01 FIS/PE
|p DRA9537
|r 2017-02-01
|s 2016-09-30
|v 2956.80
|w 2016-09-29
|y BK
|